|
|
|
|
| LEADER |
00000nam0a2200000 4500 |
| 001 |
11926 |
| 005 |
20231030183958.0 |
| 035 |
|
|
|a (RuTPU)RU\TPU\book\12000
|
| 035 |
|
|
|a BOOK00012066
|
| 090 |
|
|
|a 11926
|
| 100 |
|
|
|a 20011209d1999 m y0rusy50 ca
|
| 101 |
0 |
|
|a rus
|
| 102 |
|
|
|a RU
|
| 105 |
|
|
|a y z 000zy
|
| 200 |
1 |
|
|a Политик с человеческим лицом
|f Т. Куперт
|
| 210 |
|
|
|a Томск
|d 1999
|
| 215 |
|
|
|a 288 с.
|
| 318 |
|
|
|5 63413507
|a РОССИЯ. ЛИЧНОСТЬ. АКТУАЛЬНО.
|b выставка
|
| 606 |
1 |
|
|a Государственные и политические деятели Российской Федерации
|x Внутренняя политика
|x Персоналии
|2 stltpush
|3 (RuTPU)RU\TPU\subj\68275
|
| 610 |
1 |
|
|a политика
|
| 610 |
1 |
|
|a государственные деятели
|
| 610 |
1 |
|
|a Россия
|
| 610 |
1 |
|
|a политические деятели
|
| 610 |
1 |
|
|a персоналии
|
| 610 |
1 |
|
|a 20 век
|
| 686 |
|
|
|a Ф3(2)8
|v LBC/SL-A
|2 rubbk
|
| 700 |
|
1 |
|a Куперт
|b Т.
|g Татьяна
|
| 801 |
|
0 |
|a RU
|b 63413507
|c 20011209
|g PSBO
|
| 801 |
|
2 |
|a RU
|b 63413507
|c 20140203
|g PSBO
|
| 942 |
|
|
|c BK
|